| 000 | 00599nam a22002177a 4500 | ||
|---|---|---|---|
| 999 |
_c8667 _d8667 |
||
| 003 | AR-CdUCM | ||
| 008 | 190325b ||||| |||| 00| 0 spa d | ||
| 040 |
_aMUNICIPALIDAD PROVINCIAL DEL CUSCO _cBIBLIOTECA MUNICIPAL DEL CUSCO |
||
| 041 | _heng | ||
| 082 |
_a747 / _bH11 |
||
| 100 |
_aRibalta, Marta _924226 |
||
| 245 |
_aHabitat : _bLos muebles / |
||
| 260 |
_aBarcelona : _bBlume. |
||
| 300 | _c25 cm. | ||
| 500 | _aTextos en español e ingles | ||
| 650 |
_aDiseño de Interior _924227 |
||
| 650 |
_aMuebles _924228 |
||
| 650 |
_aDecoración _915648 |
||
| 942 |
_2ddc _cLIBROS |
||
| 945 | _araen | ||